Central Library OPAC University of Rajshahi

বৈজ্ঞানিক মুহাম্মদ (দঃ) / (Record no. 78410)

MARC details
000 -LEADER
fixed length control field 01052nam a2200241 a 4500
001 - CONTROL NUMBER
control field 78410
003 - CONTROL NUMBER IDENTIFIER
rucl marc code BD-RjUL
005 - DATE AND TIME OF LATEST TRANSACTION
control field 20211209083127.0
008 - FIXED-LENGTH DATA ELEMENTS--GENERAL INFORMATION
fixed length control field 210919r19941992ii ||||| |||| 00| 0 ben d
035 ## - SYSTEM CONTROL NUMBER
System control number (BD-RjUL)78636
040 ## - CATALOGING SOURCE
Original cataloging agency BD-RjUL
Language of cataloging eng
Transcribing agency BD-RjUL
041 ## - LANGUAGE CODE
Language code of text/sound track or separate title ben
082 ## - DEWEY DECIMAL CLASSIFICATION NUMBER
Edition number 23
Classification number 297.63092
Author mark and year ISB 1994
100 ## - MAIN ENTRY--PERSONAL NAME
Personal name ইসলাম, মুহাম্মদ নুরল
9 (RLIN) 248138
245 ## - TITLE STATEMENT
Title বৈজ্ঞানিক মুহাম্মদ (দঃ) /
Statement of responsibility, etc. মুহাম্মদ নুরল ইসলাম
250 ## - EDITION STATEMENT
Edition statement ১ম ভারতীয় সং.
260 ## - PUBLICATION, DISTRIBUTION, ETC. (IMPRINT)
Place of publication, distribution, etc. কলকাতা :
Name of publisher, distributor, etc. মল্লিক ব্রাদার্স,
Date of publication, distribution, etc. ১৯৯২-১৯৯৪
300 ## - PHYSICAL DESCRIPTION
Pagination খণ্ড ;
Size ২২ সেমি.
505 01 - FORMATTED CONTENTS NOTE
Formatted contents note খণ্ড ১ম -- খণ্ড ২য় -- খণ্ড ৩য় -- খণ্ড ৪র্থ --
600 ## - SUBJECT ADDED ENTRY--PERSONAL NAME
Personal name মুহাম্মাদ (স.), নবী,
General subdivision জীবনী
Dates associated with a name -৬৩২
Personal name Muḥammad, Prophet,
General subdivision Biography
Dates associated with a name -632
942 ## - ADDED ENTRY ELEMENTS (KOHA)
Source of classification or shelving scheme Dewey Decimal Classification
Koha item type Books
Holdings
Lost status Source of classification or shelving scheme Damaged status Not for loan Collection code Permanent Location Current Location Shelving location Date acquired Source of acquisition Cost, normal purchase price Total Checkouts Full call number Date last seen Copy number Koha item type
  Dewey Decimal Classification   Not For Loan Non-fiction Central Library, University of Rajshahi Central Library, University of Rajshahi Reading Room 17/04/1995 Nahar Book House 45.00   B 297.63092 ISB V-1 1992 19/09/2021 C-1 Books
  Dewey Decimal Classification   Not For Loan Non-fiction Central Library, University of Rajshahi Central Library, University of Rajshahi Reading Room 17/04/1995 Nahar Book House 45.00   B 297.63092 ISB V-2 1992 19/09/2021 C-1 Books
  Dewey Decimal Classification   Not For Loan Non-fiction Central Library, University of Rajshahi Central Library, University of Rajshahi Reading Room 17/04/1995 Nahar Book House 45.00   B 297.63092 ISB V-3 1993 19/09/2021 C-1 Books
  Dewey Decimal Classification   Not For Loan Non-fiction Central Library, University of Rajshahi Central Library, University of Rajshahi Reading Room 17/04/1995 Nahar Book House 45.00   B 297.63092 ISB V-4 1994 19/09/2021 C-1 Books